| 000 | 00680nam a2200289Ia 4500 | ||
|---|---|---|---|
| 005 | 20260324140112.0 | ||
| 008 | 008 260324s9999 xx 000 0 eng d | ||
| 020 | _a9780203979051 | ||
| 037 | _aEBOOK | ||
| 040 | _aCRL | ||
| 040 | _beng | ||
| 040 | _cCRL | ||
| 041 | _2eng | ||
| 041 | _aeng | ||
| 084 | _qCRL | ||
| 100 | _aMartyn Hammersley | ||
| 245 | 0 | _aResearching School Experience | |
| 245 | 0 | _bExplorations of Teaching and Learning | |
| 260 | _bTaylor and Francis | ||
| 260 | _c1999 | ||
| 365 | _a | ||
| 365 | _b255 | ||
| 856 | _uhttp://www.taylorfrancis.com/books/9780203979051 | ||
| 942 | _cEBOOK | ||
| 999 |
_c1804834 _d1804834 |
||